| 000 | 00341nam a2200121Ia 4500 | ||
|---|---|---|---|
| 008 | 180205s9999 xx 000 0 und d | ||
| 020 | _a395369177 | ||
| 100 | _aMckay, John P. | ||
| 245 | 2 |
_aA history of western society : _bvolume 2 from absolutism to the present |
|
| 250 | _a3rd ed | ||
| 260 |
_aUSA _bUSA _c1987 |
||
| 300 | _avii, 1068 pages | ||
| 999 |
_c354733 _d354733 |
||